000 00247nam a2200097Ia 4500
008 240331s9999 xx 000 0 und d
082 _bTHI
100 _aThiruchandran, S
245 4 _aThe ideological factor in the subordination of women
942 _cL
999 _c1881
_d1881